[Event "Killing the French with a Gambit?"]
[Site "SchemingMind.com"]
[Date "2006.04.14"]
[Round "-"]
[White "uergash"]
[Black "MatdeInverses"]
[Result "0-1"]
[WhiteCountry "USA"]
[BlackCountry "USA"]
[WhiteElo "1454"]
[WhiteRD "114"]
[BlackElo "1898"]
[BlackRD "52"]
[GameID "46486"]

1. e4 e6 2. d4 d5 3. e5 c5 4. c3 Nc6 5. Nf3 Qb6 6. Bd3 cxd4 7. cxd4 Bd7 8. O-O Nxd4 9. Nxd4 Qxd4 10. Re1 Bb4
11. Re4 dxe4
0-1

[Event "Killing the French with a Gambit?"]
[Site "SchemingMind.com"]
[Date "2006.04.14"]
[Round "-"]
[White "MatdeInverses"]
[Black "uergash"]
[Result "1-0"]
[WhiteCountry "USA"]
[BlackCountry "USA"]
[WhiteElo "1898"]
[WhiteRD "52"]
[BlackElo "1454"]
[BlackRD "114"]
[GameID "46487"]

1. e4 e6 2. d4 d5 3. e5 c5 4. c3 Nc6 5. Nf3 Qb6 6. Bd3 cxd4 7. cxd4 Bd7 8. O-O Nxd4 9. Ng5 f6 10. Qh5+ g6
11. Bxg6+
1-0

[Event "Killing the French with a Gambit?"]
[Site "SchemingMind.com"]
[Date "2006.04.17"]
[Round "-"]
[White "bigfoot1"]
[Black "MatdeInverses"]
[Result "1/2-1/2"]
[WhiteCountry "FRA"]
[BlackCountry "USA"]
[WhiteElo "1792"]
[WhiteRD "74"]
[BlackElo "1956"]
[BlackRD "47"]
[GameID "46625"]

1. e4 e6 2. d4 d5 3. e5 c5 4. c3 Nc6 5. Nf3 Qb6 6. Bd3 cxd4 7. cxd4 Bd7 8. O-O Nxd4 9. Nxd4 Qxd4 10. Nc3 Qxe5
11. Re1 Qb8 12. Qf3 Bd6 13. Kh1 Nf6 14. Bg5 Be5 15. Rac1 O-O 16. Re2 b5 17. a3 a5 18. Qh3 h6 19. Bxh6 gxh6 20. Qxh6 Bf4
21. Qxf6 Bxc1 22. Re5 Qxe5 23. Qxe5 Rfb8 24. Qg3+ Kh8 25. Qe5+ Kg8 26. Qg3+ Kh8 27. Qe5+ Kg8 28. Qg3+
1/2-1/2

[Event "Killing the French with a Gambit?"]
[Site "SchemingMind.com"]
[Date "2006.04.17"]
[Round "-"]
[White "bigfoot1"]
[Black "uergash"]
[Result "1-0"]
[WhiteCountry "FRA"]
[BlackCountry "USA"]
[WhiteElo "1792"]
[WhiteRD "74"]
[BlackElo "1480"]
[BlackRD "94"]
[GameID "46626"]

1. e4 e6 2. d4 d5 3. e5 c5 4. c3 Nc6 5. Nf3 Qb6 6. Bd3 cxd4 7. cxd4 Bd7 8. O-O Nxd4 9. Nxd4 Bc5 10. Nb3 Ba4
11. Bc2 Bxb3 12. Bxb3 Ne7 13. Nc3 O-O 14. Na4 Qc6 15. Nxc5 Qxc5 16. Be3 Qc7 17. Bd4 Nc6 18. Rc1 Rac8 19. Bc5 Rfe8 20. Bd6 Qd7
21. Ba4 a6 22. Qh5 b5 23. Bc2 h6 24. f4 f6 25. Qg6 Nd4 26. Qh7+ Kf7 27. Bg6#
1-0

[Event "Killing the French with a Gambit?"]
[Site "SchemingMind.com"]
[Date "2006.04.15"]
[Round "-"]
[White "MatdeInverses"]
[Black "bigfoot1"]
[Result "1/2-1/2"]
[WhiteCountry "USA"]
[BlackCountry "FRA"]
[WhiteElo "1956"]
[WhiteRD "47"]
[BlackElo "1792"]
[BlackRD "74"]
[GameID "46627"]

1. e4 e6 2. d4 d5 3. e5 c5 4. c3 Nc6 5. Nf3 Qb6 6. Bd3 cxd4 7. cxd4 Bd7 8. O-O Nxd4 9. Ng5 Nc6 10. Re1 Bc5
11. Qf3 Nh6 12. Nc3 Nd4 13. Qh5 Ndf5 14. Rf1 Ne7 15. Nxh7 O-O-O 16. Bxh6 g6 17. Qe2 Rxh7 18. Bf4 Nf5 19. Bxf5 gxf5 20. Rac1 Bc6
21. a3 Rg8 22. b4 d4 23. Bg3 Rxg3 24. hxg3 Qd8 25. Qc4 Qh8 26. f4 Rh2 27. Nd5 Bxd5 28. Qxc5+ Bc6 29. Rf3 Kb8 30. Qd6+ Ka8
31. Rxc6 bxc6 32. Qxc6+ Kb8 33. Qd6+ Ka8 34. Qxd4 Rh1+ 35. Kf2 Qh2 36. Qd8+ Kb7 37. Qd7+ Kb8 38. Qb5+ Ka8 39. Qe8+ Kb7 40. Qxf7+ Kb8
41. Qf8+ Kb7 42. Qe7+ Kb8 43. Qd8+ Kb7 44. Qd7+ Kb8 45. Qb5+ Ka8=
1/2-1/2

[Event "Killing the French with a Gambit?"]
[Site "SchemingMind.com"]
[Date "2006.04.15"]
[Round "-"]
[White "uergash"]
[Black "bigfoot1"]
[Result "0-1"]
[WhiteCountry "USA"]
[BlackCountry "FRA"]
[WhiteElo "1480"]
[WhiteRD "94"]
[BlackElo "1792"]
[BlackRD "74"]
[GameID "46628"]

1. e4 e6 2. d4 d5 3. e5 c5 4. c3 Nc6 5. Nf3 Qb6 6. Bd3 cxd4 7. cxd4 Bd7 8. O-O Nxd4 9. Ng5 Nc6 10. Qf3 Nxe5
11. Qf4 f6 12. Bc2 Bd6 13. Nf3 Qc7 14. h3 Nxf3+ 15. Qxf3 Qxc2 16. Nc3 Ne7 17. Be3 Qg6 18. Rac1 Nf5 19. Bd2 O-O 20. Rfe1 Rae8
21. Ne2 Nh4 22. Qg4 Qxg4 23. hxg4 e5 24. Nc3 Bc6
0-1

[Event "Killing the French with a Gambit?"]
[Site "SchemingMind.com"]
[Date "2006.04.15"]
[Round "-"]
[White "mart_r3000"]
[Black "bigfoot1"]
[Result "0-1"]
[WhiteCountry "ENG"]
[BlackCountry "FRA"]
[WhiteElo "1213"]
[WhiteRD "72"]
[BlackElo "1782"]
[BlackRD "75"]
[GameID "46729"]

1. e4 e6 2. d4 d5 3. e5 c5 4. c3 Nc6 5. Nf3 Qb6 6. Bd3 cxd4 7. cxd4 Bd7 8. O-O Nxd4 9. Ng5 Nc6 10. Qf3 Nxe5
11. Qf4 f6 12. Nxh7 Nxd3 13. Qh4 Be7 14. Qh5+ Kd8 15. a3 Rc8 16. Nc3 Bc5 17. Nd1 Nxc1 18. Rxc1 Be8 19. Qh3 Bg6 20. Qh6 Nxh6
21. Rc3 Rxh7
0-1

[Event "Killing the French with a Gambit?"]
[Site "SchemingMind.com"]
[Date "2006.04.15"]
[Round "-"]
[White "mart_r3000"]
[Black "MatdeInverses"]
[Result "0-1"]
[WhiteCountry "ENG"]
[BlackCountry "USA"]
[WhiteElo "1213"]
[WhiteRD "72"]
[BlackElo "1898"]
[BlackRD "52"]
[GameID "46730"]

1. e4 e6 2. d4 d5 3. e5 c5 4. c3 Nc6 5. Nf3 Qb6 6. Bd3 cxd4 7. cxd4 Bd7 8. O-O Nxd4 9. Ng5 Nc6 10. Qf3 Nxe5
11. Qe3 Qxe3 12. Bxe3 Nxd3 13. Nf3 Nxb2 14. Nbd2 Nc4 15. Rfd1 Nxe3 16. fxe3 Nf6 17. Ne5 Bd6 18. Nxd7 Kxd7 19. Nf3 Rhc8 20. Ng5 Rc2
21. a4 Rac8 22. Nf3 Bc5 23. Nd4 Bxd4 24. exd4 Rb2 25. Rf1 Rcc2 26. Kh1 Rxg2
0-1

[Event "Killing the French with a Gambit?"]
[Site "SchemingMind.com"]
[Date "2006.04.15"]
[Round "-"]
[White "mart_r3000"]
[Black "uergash"]
[Result "0-1"]
[WhiteCountry "ENG"]
[BlackCountry "USA"]
[WhiteElo "1213"]
[WhiteRD "72"]
[BlackElo "1454"]
[BlackRD "114"]
[GameID "46731"]

1. e4 e6 2. d4 d5 3. e5 c5 4. c3 Nc6 5. Nf3 Qb6 6. Bd3 cxd4 7. cxd4 Bd7 8. O-O Nxd4 9. Ng5 Nh6 10. Be3 Qxb2
11. Nd2 Nc6 12. Qf3 Qxe5 13. Rae1 Bd6 14. g3 Qf6 15. Qh5 O-O 16. Nxh7 Qe7 17. Bg5 f6 18. Bxh6 gxh6 19. Qg6+ Qg7 20. Qh5 f5
21. g4 Qxh7 22. Kh1 Be8 23. Qh4 Be7 24. Qg3 Qg7 25. Rg1 f4 26. Qg2 e5 27. Qxd5+ Bf7 28. Qd7 Rad8 29. Qxb7 Rxd3 30. Rd1 Bd5+
31. f3 Rxf3 32. Rg2 Rd3 33. Qb1 Bxg2+ 34. Kxg2 Qxg4+ 35. Kh1 f3 36. Rg1 Qg2+ 37. Rxg2+ fxg2+ 38. Kxg2 Rxd2+ 39. Kh3 Rf3+ 40. Kg4 Rf4+
41. Kh5 Rxh2+ 42. Kg6 Rg2+
0-1

[Event "Killing the French with a Gambit?"]
[Site "SchemingMind.com"]
[Date "2006.04.17"]
[Round "-"]
[White "bigfoot1"]
[Black "mart_r3000"]
[Result "1-0"]
[WhiteCountry "FRA"]
[BlackCountry "ENG"]
[WhiteElo "1782"]
[WhiteRD "75"]
[BlackElo "1213"]
[BlackRD "72"]
[GameID "46732"]

1. e4 e6 2. d4 d5 3. e5 c5 4. c3 Nc6 5. Nf3 Qb6 6. Bd3 cxd4 7. cxd4 Bd7 8. O-O Nxd4 9. Nxd4 Qxd4 10. Nc3 Qxe5
11. Re1 Qd4 12. Nb5 Qf6 13. Nc7+ Ke7 14. Nxd5+ Kd8 15. Nxf6 Nxf6 16. Bg5 h6 17. Bxf6+ gxf6 18. Bb5 Ke8 19. Qxd7#
1-0

[Event "Killing the French with a Gambit?"]
[Site "SchemingMind.com"]
[Date "2006.04.16"]
[Round "-"]
[White "MatdeInverses"]
[Black "mart_r3000"]
[Result "1-0"]
[WhiteCountry "USA"]
[BlackCountry "ENG"]
[WhiteElo "1898"]
[WhiteRD "52"]
[BlackElo "1213"]
[BlackRD "72"]
[GameID "46733"]

1. e4 e6 2. d4 d5 3. e5 c5 4. c3 Nc6 5. Nf3 Qb6 6. Bd3 cxd4 7. cxd4 Bd7 8. O-O Nxd4 9. Ng5 g6 10. Nc3 Bg7
11. Re1 Nh6 12. Be3 Bxe5 13. Nxe6 Qxe6 14. Bxd4 Ng4 15. h3 Nh2 16. Rxe5 O-O 17. Rxe6 Bxe6 18. Kxh2 f6 19. Qc2 Rae8 20. Re1 f5
21. Rxe6 Rxe6 22. Nxd5 Rd8 23. Qc7
1-0

[Event "Killing the French with a Gambit?"]
[Site "SchemingMind.com"]
[Date "2006.04.16"]
[Round "-"]
[White "uergash"]
[Black "mart_r3000"]
[Result "1/2-1/2"]
[WhiteCountry "USA"]
[BlackCountry "ENG"]
[WhiteElo "1454"]
[WhiteRD "114"]
[BlackElo "1213"]
[BlackRD "72"]
[GameID "46734"]

1. e4 e6 2. d4 d5 3. e5 c5 4. c3 Nc6 5. Nf3 Qb6 6. Bd3 cxd4 7. cxd4 Bd7 8. O-O Nxd4 9. Nxd4 Qxd4 10. Re1 Bc5
11. Qe2 Nh6 12. Nc3 Qh4 13. Bb5 Ng4 14. Bxd7+ Kxd7 15. h3 Bxf2+ 16. Kh1 Bxe1 17. Qb5+ Kd8 18. Qc5 Bxc3 19. Qxc3 d4 20. Qxd4+ Ke8
21. Qa4+ Kf8 22. Qb4+=
1/2-1/2

[Event "Killing the French with a Gambit?"]
[Site "SchemingMind.com"]
[Date "2006.04.16"]
[Round "-"]
[White "cnbcad"]
[Black "bigfoot1"]
[Result "0-1"]
[WhiteCountry "USA"]
[BlackCountry "FRA"]
[WhiteElo "1315"]
[WhiteRD "63"]
[BlackElo "1802"]
[BlackRD "73"]
[GameID "46788"]

1. e4 e6 2. d4 d5 3. e5 c5 4. c3 Nc6 5. Nf3 Qb6 6. Bd3 cxd4 7. cxd4 Bd7 8. O-O Nxd4 9. Be3 Nxf3+ 10. Qxf3 Qxb2
11. Nd2 Qxe5 12. Rfe1 Qf6 13. Bf5 Qxf5 14. Qxf5 exf5 15. Bxa7+ Be6 16. Bb6 Bb4 17. Re2 Ne7 18. a3 O-O 19. Nb3 Rfc8 20. h3 Bd6
21. a4 Rc3 22. Nd4 Rxa4 23. Rae1 Rxd4 24. Bxd4 Rc6 25. Ra2 h6 26. Ra7 b5 27. f3 Rc4 28. Ra8+ Kh7 29. Bb2 Rc2 30. Bd4 Nc6
31. h4 Nxd4
0-1

[Event "Killing the French with a Gambit?"]
[Site "SchemingMind.com"]
[Date "2006.04.16"]
[Round "-"]
[White "cnbcad"]
[Black "MatdeInverses"]
[Result "0-1"]
[WhiteCountry "USA"]
[BlackCountry "USA"]
[WhiteElo "1373"]
[WhiteRD "55"]
[BlackElo "1898"]
[BlackRD "52"]
[GameID "46789"]

1. e4 e6 2. d4 d5 3. e5 c5 4. c3 Nc6 5. Nf3 Qb6 6. Bd3 cxd4 7. cxd4 Bd7 8. O-O Nxd4 9. Be3 Nxf3+ 10. Qxf3 Qxb2
11. Nd2 Qxe5 12. Rab1 Bc6 13. Bf4 Qf6 14. Rfe1 Be7 15. Bb5 Nh6 16. Ba4 O-O 17. Qe3 Nf5 18. Qb3 Nd4 19. Qb2 Bxa4 20. Be5 Qh6
21. Qxd4 Bc6 22. Nf3 Bf6 23. Bxf6 Qxf6 24. Re5 a6 25. h4 Qg6 26. Rbe1 Qc2 27. Rg5 f6 28. Rg3 e5 29. Qg4 Rf7 30. h5 d4
31. h6 Bxf3 32. gxf3 Qd2 33. Rf1 Qxh6 34. Qe4 Rc8 35. Rh3 Qxh3
0-1

[Event "Killing the French with a Gambit?"]
[Site "SchemingMind.com"]
[Date "2006.04.16"]
[Round "-"]
[White "cnbcad"]
[Black "mart_r3000"]
[Result "1-0"]
[WhiteCountry "USA"]
[BlackCountry "ENG"]
[WhiteElo "1373"]
[WhiteRD "55"]
[BlackElo "1213"]
[BlackRD "72"]
[GameID "46790"]

1. e4 e6 2. d4 d5 3. e5 c5 4. c3 Nc6 5. Nf3 Qb6 6. Bd3 cxd4 7. cxd4 Bd7 8. O-O Nxd4 9. Be3 Bc5 10. Nbd2 Nf5
11. Bxc5 Qxc5 12. Bxf5 exf5 13. Re1 Nh6 14. Rc1 Qb6 15. Nb3 Ng4 16. Nc5 Qh6 17. h3 Bc6 18. e6 O-O 19. e7 Rfe8 20. hxg4 fxg4
21. Nd4 Rad8 22. Qxg4 g6 23. Nf5 Qh5 24. Qxh5 gxh5 25. exd8=Q Rxd8 26. Ne7+ Kf8 27. Nxc6 bxc6 28. Nb7 Rd7 29. Nc5 Rd6 30. b4 Rg6
31. a4 Rg4 32. b5 cxb5 33. axb5 f5 34. Na6 h4 35. Rc7 h3 36. Rxa7 Rxg2+ 37. Kh1
1-0

[Event "Killing the French with a Gambit?"]
[Site "SchemingMind.com"]
[Date "2006.04.16"]
[Round "-"]
[White "cnbcad"]
[Black "uergash"]
[Result "1-0"]
[WhiteCountry "USA"]
[BlackCountry "USA"]
[WhiteElo "1373"]
[WhiteRD "55"]
[BlackElo "1454"]
[BlackRD "114"]
[GameID "46791"]

1. e4 e6 2. d4 d5 3. e5 c5 4. c3 Nc6 5. Nf3 Qb6 6. Bd3 cxd4 7. cxd4 Bd7 8. O-O Nxd4 9. Be3 Nxf3+ 10. Qxf3 Qxb2
11. Nd2 Qxe5 12. Rab1 Bc6 13. Bf4 Qf6 14. Rfe1 O-O-O 15. Bb5 Bxb5 16. Rxb5 Nh6 17. Rc1+ Kd7 18. Rxb7+ Ke8 19. g3 Be7 20. Rcc7 Qa1+
21. Kg2 Bf6 22. Bxh6 gxh6 23. Rxf7 Bg5 24. Qh5 Rf8 25. Rxh7+ Rf7 26. Qxf7#
1-0

[Event "Killing the French with a Gambit?"]
[Site "SchemingMind.com"]
[Date "2006.04.17"]
[Round "-"]
[White "bigfoot1"]
[Black "cnbcad"]
[Result "1-0"]
[WhiteCountry "FRA"]
[BlackCountry "USA"]
[WhiteElo "1792"]
[WhiteRD "74"]
[BlackElo "1360"]
[BlackRD "62"]
[GameID "46792"]

1. e4 e6 2. d4 d5 3. e5 c5 4. c3 Nc6 5. Nf3 Qb6 6. Bd3 cxd4 7. cxd4 Bd7 8. O-O Nxd4 9. Nxd4 Qxd4 10. Nc3 Qxe5
11. Re1 Qf6 12. Nxd5 Qd8 13. Bf4 Rc8 14. Rc1 Rxc1 15. Qxc1 Bc6 16. Nc7+ Ke7 17. Qd2 g5 18. Bxg5+ Nf6 19. Qb4+ Kd7 20. Qd4+ Kxc7
21. Qxd8+ Kxd8 22. Bxf6+ Kd7 23. Bxh8 b5 24. Bf6 a5 25. Bxh7 Kd6 26. Rd1+ Kc5 27. Bg8 Bd5 28. Rc1+ Kd6 29. Bxf7
1-0

[Event "Killing the French with a Gambit?"]
[Site "SchemingMind.com"]
[Date "2006.04.16"]
[Round "-"]
[White "MatdeInverses"]
[Black "cnbcad"]
[Result "1-0"]
[WhiteCountry "USA"]
[BlackCountry "USA"]
[WhiteElo "1898"]
[WhiteRD "52"]
[BlackElo "1373"]
[BlackRD "55"]
[GameID "46793"]

1. e4 e6 2. d4 d5 3. e5 c5 4. c3 Nc6 5. Nf3 Qb6 6. Bd3 cxd4 7. cxd4 Bd7 8. O-O Nxd4 9. Ng5 h6 10. Qh5 g6
11. Bxg6 Ne2+ 12. Kh1 O-O-O 13. Nxf7 Qb5 14. Nd2 Nf4 15. Nxh8 Nxh5 16. Bxh5 Ne7 17. Nf7 Nf5 18. Nxd8 Kxd8 19. a4 Qb4 20. Nf3 Qc4
21. Bd2 Bxa4 22. Bg6 Nd4 23. Nxd4 Qxd4 24. Bc3 Qg4 25. Bd3 Bc6 26. f3 Qf4 27. Rxa7 Bc5 28. Ra8+ Kd7 29. Rg8 d4 30. Rg7+ Ke8
31. Bg6+ Kd8 32. Ra1 b6 33. Be1 d3 34. Raa7 Bb4 35. Rg8+ Bf8 36. Bd2
1-0

[Event "Killing the French with a Gambit?"]
[Site "SchemingMind.com"]
[Date "2006.04.16"]
[Round "-"]
[White "mart_r3000"]
[Black "cnbcad"]
[Result "0-1"]
[WhiteCountry "ENG"]
[BlackCountry "USA"]
[WhiteElo "1213"]
[WhiteRD "72"]
[BlackElo "1373"]
[BlackRD "55"]
[GameID "46794"]

1. e4 e6 2. d4 d5 3. e5 c5 4. c3 Nc6 5. Nf3 Qb6 6. Bd3 cxd4 7. cxd4 Bd7 8. O-O Nxd4 9. Be3 Qxb2 10. Nbd2 Nxf3+
11. Qxf3 Qxe5 12. Rae1 Bd6 13. g3 Nf6 14. Bf4 Qb2 15. Bxd6 Qxd2 16. Re2 Qa5 17. Qf5 Ne4 18. Qe5 Nxd6 19. Qxg7 O-O-O 20. Rc1+ Kb8
21. Qe5 Qb6 22. Rb1 Qc7 23. Ba6 b6 24. Ree1 Nb7 25. Qe3 Nc5 26. Rec1 Qd6 27. Rxc5 Ka8 28. Rcb5 Bxb5 29. Rxb5 f5 30. Qg5 Qa3
31. Qg7 Qxa6 32. Rb3 Qc4 33. Re3 Qxa2 34. Rxe6 Rhe8 35. Rc6 Qa6 36. Rc7 d4 37. h4 Rc8 38. Rd7 Red8 39. Rf7 d3
0-1

[Event "Killing the French with a Gambit?"]
[Site "SchemingMind.com"]
[Date "2006.04.16"]
[Round "-"]
[White "uergash"]
[Black "cnbcad"]
[Result "1-0"]
[WhiteCountry "USA"]
[BlackCountry "USA"]
[WhiteElo "1606"]
[WhiteRD "78"]
[BlackElo "1315"]
[BlackRD "63"]
[GameID "46795"]

1. e4 e6 2. d4 d5 3. e5 c5 4. c3 Nc6 5. Nf3 Qb6 6. Bd3 cxd4 7. cxd4 Bd7 8. O-O Nxd4 9. Nxd4 Qxd4 10. Re1 Bb4
11. Bd2 Bc5 12. Qe2 Ne7 13. Be3 Qb4 14. Bxc5 Qxc5 15. Nc3 O-O 16. Rac1 Rac8 17. Nb5 Qb4 18. Nxa7 Ra8 19. a3 Qb6 20. Nb5 Bxb5
21. Bxb5 Nf5 22. Qc2 Qxb5 23. h3 g6 24. Qc7 Qxb2 25. Rb1 Qxa3 26. Qxb7 Qa7 27. Qb4 Rac8 28. Ra1 Qd4 29. Qb7 Rc2 30. Rf1 Ng3
31. Rad1 Qc5 32. Kh2 Nxf1+ 33. Rxf1 Rc1 34. Rxc1 Qxf2 35. Qc7 d4 36. Qd6 Qf4+ 37. g3 Qxc1 38. Qxd4
1-0

[Event "Killing the French with a Gambit?"]
[Site "SchemingMind.com"]
[Date "2006.04.17"]
[Round "-"]
[White "Dr_Pat"]
[Black "cnbcad"]
[Result "0-1"]
[WhiteCountry "USA"]
[BlackCountry "USA"]
[WhiteElo "1363"]
[WhiteRD "57"]
[BlackElo "1373"]
[BlackRD "55"]
[GameID "46868"]

1. e4 e6 2. d4 d5 3. e5 c5 4. c3 Nc6 5. Nf3 Qb6 6. Bd3 cxd4 7. cxd4 Bd7 8. O-O Nxd4 9. Nxd4 Qxd4 10. Qe2 Bc5
11. Nd2 Ne7 12. Nf3 Qb4 13. a3 Qb6 14. Be3 O-O 15. Ng5 h6 16. Nf3 Bxe3 17. fxe3 Nf5 18. Bxf5 exf5 19. Rf2 f4 20. exf4 Bg4
21. b4 d4 22. h3 d3 23. Qxd3 Rad8 24. Qb1 Bxf3 25. gxf3 Rd2 26. Qf1 Rc8 27. Kh1 Rxf2 28. Qg1 Rcc2 29. Rf1 Qe3 30. Rxf2 Rxf2
31. a4 Qxf3+
0-1

[Event "Killing the French with a Gambit?"]
[Site "SchemingMind.com"]
[Date "2006.04.17"]
[Round "-"]
[White "Dr_Pat"]
[Black "bigfoot1"]
[Result "0-1"]
[WhiteCountry "USA"]
[BlackCountry "FRA"]
[WhiteElo "1363"]
[WhiteRD "57"]
[BlackElo "1782"]
[BlackRD "75"]
[GameID "46869"]

1. e4 e6 2. d4 d5 3. e5 c5 4. c3 Nc6 5. Nf3 Qb6 6. Bd3 cxd4 7. cxd4 Bd7 8. O-O Nxd4 9. Ng5 Nc6 10. Re1 Bc5
11. Be3 Bxe3 12. fxe3 Nxe5 13. Kh1 Qxb2 14. Bxh7 Qxa1
0-1

[Event "Killing the French with a Gambit?"]
[Site "SchemingMind.com"]
[Date "2006.04.17"]
[Round "-"]
[White "Dr_Pat"]
[Black "MatdeInverses"]
[Result "0-1"]
[WhiteCountry "USA"]
[BlackCountry "USA"]
[WhiteElo "1363"]
[WhiteRD "57"]
[BlackElo "1898"]
[BlackRD "52"]
[GameID "46870"]

1. e4 e6 2. d4 d5 3. e5 c5 4. c3 Nc6 5. Nf3 Qb6 6. Bd3 cxd4 7. cxd4 Bd7 8. O-O Nxd4 9. Ng5 Nc6 10. Nf3 Nge7
11. Re1 Ng6 12. Be3 Qxb2 13. Nbd2 Ngxe5 14. Nxe5 Qxe5 15. Bxa7 Qc3 16. Qc2 Qxc2 17. Bxc2 Rxa7 18. Nf3 Bd6 19. Rad1 O-O 20. Ng5 h6
21. Nf3 Rxa2 22. Rd2 Bb4 23. Bh7+ Kxh7 24. Rxa2 Bxe1 25. Nxe1 Ne5 26. Nf3 Nxf3+ 27. gxf3 Rc8 28. Ra7 Bc6 29. Kg2 d4
0-1

[Event "Killing the French with a Gambit?"]
[Site "SchemingMind.com"]
[Date "2006.04.17"]
[Round "-"]
[White "Dr_Pat"]
[Black "mart_r3000"]
[Result "1-0"]
[WhiteCountry "USA"]
[BlackCountry "ENG"]
[WhiteElo "1363"]
[WhiteRD "57"]
[BlackElo "1213"]
[BlackRD "72"]
[GameID "46871"]

1. e4 e6 2. d4 d5 3. e5 c5 4. c3 Nc6 5. Nf3 Qb6 6. Bd3 cxd4 7. cxd4 Bd7 8. O-O Nxd4 9. Nxd4 Qxd4 10. Qe2 g6
11. Nd2 Bg7 12. Nf3 Qf4 13. Bxf4 a6 14. Rac1 h6 15. Rfe1 g5 16. Bd2 Ne7 17. Rc7 O-O 18. Rxd7 Rfe8 19. Nxg5 Rac8 20. Nxf7 Kxf7
21. Bxh6 Bxh6 22. Qh5+ Kg7 23. Qg6+
1-0

[Event "Killing the French with a Gambit?"]
[Site "SchemingMind.com"]
[Date "2006.04.17"]
[Round "-"]
[White "Dr_Pat"]
[Black "uergash"]
[Result "1-0"]
[WhiteCountry "USA"]
[BlackCountry "USA"]
[WhiteElo "1363"]
[WhiteRD "57"]
[BlackElo "1454"]
[BlackRD "114"]
[GameID "46872"]

1. e4 e6 2. d4 d5 3. e5 c5 4. c3 Nc6 5. Nf3 Qb6 6. Bd3 cxd4 7. cxd4 Bd7 8. O-O Nxd4 9. Nxd4 Qxd4 10. Qe2 Qb6
11. Nd2 Ne7 12. Nf3 Ng6 13. Be3 Qd8 14. Rac1 Be7 15. Bxg6 fxg6 16. Rfd1 O-O 17. h3 Qc7 18. Rxc7 Bc6 19. Rxe7 Rae8 20. Rxe8 Rxe8
21. Bxa7 Rf8 22. Nd4
1-0

[Event "Killing the French with a Gambit?"]
[Site "SchemingMind.com"]
[Date "2006.04.17"]
[Round "-"]
[White "cnbcad"]
[Black "Dr_Pat"]
[Result "1-0"]
[WhiteCountry "USA"]
[BlackCountry "USA"]
[WhiteElo "1373"]
[WhiteRD "55"]
[BlackElo "1363"]
[BlackRD "57"]
[GameID "46873"]

1. e4 e6 2. d4 d5 3. e5 c5 4. c3 Nc6 5. Nf3 Qb6 6. Bd3 cxd4 7. cxd4 Bd7 8. O-O Nxd4 9. Be3 Bc5 10. Bxd4 Bxd4
11. Nc3 Qxb2 12. Nxd4 Qxc3 13. Nb3 Qxe5 14. Nc5 Nf6 15. Nxd7 Nxd7 16. Re1 Qd6 17. Qc2 O-O 18. Bxh7+ Kh8 19. Re3 Rfe8 20. Rh3 Nf6
21. g4 Rac8 22. Qb1 b6 23. g5 Ng8 24. Bxg8+ Kxg8 25. Qh7+ Kf8 26. Rf3 Qe5 27. g6 Rc2 28. Rxf7#
1-0

[Event "Killing the French with a Gambit?"]
[Site "SchemingMind.com"]
[Date "2006.04.17"]
[Round "-"]
[White "bigfoot1"]
[Black "Dr_Pat"]
[Result "1-0"]
[WhiteCountry "FRA"]
[BlackCountry "USA"]
[WhiteElo "1782"]
[WhiteRD "75"]
[BlackElo "1363"]
[BlackRD "57"]
[GameID "46874"]

1. e4 e6 2. d4 d5 3. e5 c5 4. c3 Nc6 5. Nf3 Qb6 6. Bd3 cxd4 7. cxd4 Bd7 8. O-O Nxd4 9. Nxd4 Qxd4 10. Nc3 Ne7
11. Qe2 Qb6 12. b3 Nc6 13. Na4 Qd8 14. f4 Be7 15. Qg4 g6 16. Bd2 O-O 17. Kh1 Bb4 18. Be3 f5 19. exf6 Rxf6 20. Qh4 Rf8
21. Qh6 Ne7 22. Nc5 b6 23. Bd4
1-0

[Event "Killing the French with a Gambit?"]
[Site "SchemingMind.com"]
[Date "2006.04.17"]
[Round "-"]
[White "MatdeInverses"]
[Black "Dr_Pat"]
[Result "1-0"]
[WhiteCountry "USA"]
[BlackCountry "USA"]
[WhiteElo "1898"]
[WhiteRD "52"]
[BlackElo "1363"]
[BlackRD "57"]
[GameID "46875"]

1. e4 e6 2. d4 d5 3. e5 c5 4. c3 Nc6 5. Nf3 Qb6 6. Bd3 cxd4 7. cxd4 Bd7 8. O-O Nxd4 9. Ng5 Nh6 10. Nc3 Be7
11. Nxh7 f6 12. Bxh6 gxh6 13. exf6 Bd8 14. Bg6#
1-0

[Event "Killing the French with a Gambit?"]
[Site "SchemingMind.com"]
[Date "2006.04.17"]
[Round "-"]
[White "mart_r3000"]
[Black "Dr_Pat"]
[Result "1-0"]
[WhiteCountry "ENG"]
[BlackCountry "USA"]
[WhiteElo "1260"]
[WhiteRD "61"]
[BlackElo "1409"]
[BlackRD "54"]
[GameID "46876"]

1. e4 e6 2. d4 d5 3. e5 c5 4. c3 Nc6 5. Nf3 Qb6 6. Bd3 cxd4 7. cxd4 Bd7 8. O-O Nxd4 9. Be3 Bc5 10. Ng5 Qxb2
11. Nd2 Ne7 12. Qh5 g6 13. Qh4 h6 14. Nh3 O-O-O 15. Rab1 Qxa2 16. Qg4 f5 17. Qd1 Nec6 18. Qc1 Qa3 19. Qxa3 Bxa3 20. Ra1 Bb4
21. Rfb1 a5 22. Nb3 Nxb3 23. Rxb3 Nxe5 24. Rc1+ Kb8 25. Bf4 Bd6 26. Ba6 Bc6 27. Rcb1 Rh7 28. Be3 Ng4 29. Bb6 Bxh2+ 30. Kf1 Rc8
31. Bc5 Ka8 32. Bxb7+ Bxb7 33. Bb6 a4 34. Ra3 Ba6+ 35. Ke1 Rb7 36. Rxa4 Kb8 37. Rxa6 Rxb6 38. Rbxb6+ Kc7 39. Rxe6 g5 40. Ra7+ Kb8
41. Rea6 Rc7 42. Ra8+ Kb7 43. f3 Bg3+ 44. Ke2 Rc2+ 45. Kd3 Rxg2 46. Ra3 Ne5+ 47. Kd4 Nxf3+ 48. Kxd5 g4 49. R8a4 Rd2+ 50. Ke6 Ng5+
51. Nxg5 hxg5 52. Rc3 Rd6+ 53. Ke7 Rb6 54. Rxg3 Rb5 55. Kf6
1-0

[Event "Killing the French with a Gambit?"]
[Site "SchemingMind.com"]
[Date "2006.04.17"]
[Round "-"]
[White "uergash"]
[Black "Dr_Pat"]
[Result "0-1"]
[WhiteCountry "USA"]
[BlackCountry "USA"]
[WhiteElo "1454"]
[WhiteRD "114"]
[BlackElo "1363"]
[BlackRD "57"]
[GameID "46877"]

1. e4 e6 2. d4 d5 3. e5 c5 4. c3 Nc6 5. Nf3 Qb6 6. Bd3 cxd4 7. cxd4 Bd7 8. O-O Nxd4 9. Nxd4 Qxd4 10. Re1 Qb6
11. Qc2 Bc5 12. Be3 Bxe3 13. Rxe3 Ne7 14. Nd2 Rc8 15. Qd1 O-O 16. Qf3 Qxb2 17. Qh5 Qxa1+ 18. Bb1 Rc1+ 19. Nf1 Rxf1+ 20. Kxf1 Qxb1+
21. Re1 Bb5+ 22. Kg1 Qxe1#
0-1